00894nam a2200229 a 4500001001000000003000500010005001700015008004100032010001100073011001100084040000900095100003200104245015100136260004100287500006000328502008100388650003600469650002700505650002700532650003500559856007000594000110405CHAP20220329144131.0140826s2014 mx sm |||||||spa d a106867 a107839 cCHAP1 aLópez Velasco, Angel Adin10aRevisión hidroagrícola de la presa Juan Sabines Gutiérrez (el Portillo II), Estado de Chiapash[En línea]cpor Angel Adin López Velasco. aChapingo, Méx. :bEl autor,c2014. aPara ver el contenido del material haga clic en la liga aTesis (Ing. Agr. Esp. en Irrigación) -- UACH. Departamento de Irrigación14aAgua de lluviaxAlmacenamiento.14aAgua para irrigación14aAguaxAprovechamiento.14aCuenca hidrológicaxChiapas. aFinding aiduhttp://10.13.5.2/tesis/sist110405.pdfzTeclea aquí